O mulato (Record no. 58270)
[ view plain ]
| 000 -LÍDER | |
|---|---|
| campo de controle de tamanho fixo | 00319 a2200157 4500 |
| 001 - NÚMERO DE CONTROLE | |
| campo de controle | 58270 |
| 020 ## - ISBN - INTERNATIONAL STANDARD BOOK NUMBER | |
| ISBN - International Standard Book Number | 850804075x |
| 040 ## - FONTE DA CATALOGAÇÃO | |
| Instituição que transcreveu o registro | Anchieta - Pituba |
| 100 ## - ENTRADA PRINCIPAL--NOME PESSOAL | |
| Nome pessoal | Azevedo, Aluísio |
| 240 10 - TÍTULO UNIFORME | |
| Título uniforme | O mulato |
| Idioma da obra | por |
| 245 10 - TÍTULO | |
| Título | O mulato |
| 300 ## - DESCRIÇÃO FÍSICA | |
| Extensão | 247 |
| 362 0# - DATAS DE PUBLICAÇÃO E/OU DESIGNAÇÃO SEQUENCIAL | |
| Datas de publicação e/ou designação sequencial | 1998 |
| 650 #4 - ASSUNTO--TERMO TÓPICO | |
| Cabeçalho tópico ou nome geográfico | Ficção brasileira |
| 942 ## - ELEMENTOS DE ENTRADA ADICIONADOS (KOHA) | |
| Tipo de material Koha | Livros |
| Situação do descarte | Situação das perdas | Situação física | Não pode ser emprestado | Biblioteca de origem | Biblioteca atual | Data de aquisição | Total de empréstimos | Número de chamada completo | Código de barras | Data de último acesso | Data do preço efetivo | Tipo de material Koha |
|---|---|---|---|---|---|---|---|---|---|---|---|---|
| Colégio Anchieta - Pituba | Colégio Anchieta - Pituba | 21/11/2023 | 869.93 A994m AZE MUL | 8677/PIT | 21/11/2023 | 21/11/2023 | Livros | |||||
| Colégio Anchieta - Pituba | Colégio Anchieta - Pituba | 21/11/2023 | 869.93 A994m AZE MUL | 8678/PIT | 21/11/2023 | 21/11/2023 | Livros | |||||
| Colégio Anchieta - Pituba | Colégio Anchieta - Pituba | 21/11/2023 | 869.93 A994m AZE MUL | 8679/PIT | 21/11/2023 | 21/11/2023 | Livros | |||||
| Colégio Anchieta - Pituba | Colégio Anchieta - Pituba | 21/11/2023 | 869.93 A994m AZE MUL | 8680/PIT | 21/11/2023 | 21/11/2023 | Livros | |||||
| Colégio Anchieta - Pituba | Colégio Anchieta - Pituba | 21/11/2023 | 869.93 A994m AZE MUL | 8681/PIT | 21/11/2023 | 21/11/2023 | Livros | |||||
| Colégio Anchieta - Pituba | Colégio Anchieta - Pituba | 21/11/2023 | 869.93 A994m AZE MUL | 8682/PIT | 21/11/2023 | 21/11/2023 | Livros | |||||
| Colégio Anchieta - Pituba | Colégio Anchieta - Pituba | 21/11/2023 | 869.93 A994m AZE MUL | 8684/PIT | 21/11/2023 | 21/11/2023 | Livros |